[Event "Cuernavaca Sisniega Memorial"]
[Site "Cuernavaca"]
[Date "2014.05.03"]
[Round "7"]
[White "Vega, Lemay"]
[Black "Guerra Mojena, Leandro"]
[Result "1/2-1/2"]
[WhiteElo "2282"]
[BlackElo "2388"]
[PlyCount "104"]
[EventDate "2014.04.29"]
[EventType "swiss"]
[EventRounds "9"]
[EventCountry "MEX"]
[SourceTitle "CBM 160 Extra"]
[Source "ChessBase"]
[SourceDate "2014.07.01"]
[SourceVersion "1"]
[SourceVersionDate "2014.07.01"]
[SourceQuality "1"]

1. Nf3 d5 2. d4 Nf6 3. Bf4 g6 4. e3 Bg7 5. h3 0-0 6. Bd3 c5 7. c3 b6 8. Qe2 Bb7 9. 0-0 Nbd7 10. Nbd2 Re8 11. Bh2 Ne4 12. Rfd1 e6 13. a4 Nxd2 14. Rxd2 a6 15. b4 c4 16. Bc2 Qe7 17. a5 b5 18. Rf1 Nf6 19. Rdd1 Ne4 20. Qe1 f6 21. Rb1 Rad8 22. Rb2 e5 23. Bb1 g5 24. Qc1 Bc8 25. Ne1 exd4 26. exd4 Qf7 27. Re2 Bf8 28. f3 Nd6 29. Rff2 Nf5 30. Bxf5 Bxf5 31. Qd2 Qd7 32. Rxe8 Rxe8 33. Re2 Bg6 34. Bg3 Kf7 35. Kf2 h6 36. Rxe8 Qxe8 37. Qe3 Qd7 38. Qd2 Qf5 39. Qc1 Be7 40. Kg1 h5 41. Qb2 g4 42. hxg4 hxg4 43. Qc1 gxf3 44. Nxf3 Qd3 45. Qf4 Bf5 46. Bh4 Ke6 47. Qc7 Qb1+ 48. Be1 Be4 49. Qg3 Kf7 50. Nd2 Bd6 51. Nxb1 Bxg3 52. Bxg3 Bf5 1/2-1/2